[Event "Moscow Open 2016 B"]
[Site "?"]
[Date "2016.02.05"]
[Round "7.23"]
[White "Bulmaga, Irina"]
[Black "Khokhlova, Daria"]
[Result "1-0"]
[BlackElo "2183"]
[WhiteElo "2389"]
[LiveChessVersion "1.4.7"]

1. e4 {[%clk 1:30:55]} c5 {[%clk 1:30:59]} 2. Be2 {[%clk 1:31:14]} Nc6
{[%clk 1:29:27]} 3. f4 {[%clk 1:31:34]} e6 {[%clk 1:24:20]} 4. Nf3
{[%clk 1:31:39]} d5 {[%clk 1:24:46]} 5. d3 {[%clk 1:30:51]} dxe4 {[%clk 1:24:00]}
6. dxe4 {[%clk 1:31:12]} Qxd1+ {[%clk 1:24:27]} 7. Bxd1 {[%clk 1:31:03]} b6
{[%clk 1:23:02]} 8. c3 {[%clk 1:28:21]} Bb7 {[%clk 1:22:27]} 9. Nbd2
{[%clk 1:26:36]} Be7 {[%clk 1:19:38]} 10. O-O {[%clk 1:22:35]} Nf6
{[%clk 1:17:32]} 11. Re1 {[%clk 1:19:04]} O-O {[%clk 1:15:33]} 12. Be2
{[%clk 1:13:10]} Ne8 {[%clk 1:09:50]} 13. Nc4 {[%clk 1:10:04]} b5
{[%clk 1:04:35]} 14. Nce5 {[%clk 0:49:02]} Nxe5 {[%clk 1:00:16]} 15. Nxe5
{[%clk 0:48:23]} Nc7 {[%clk 0:59:33]} 16. a4 {[%clk 0:45:09]} f6 {[%clk 0:55:31]}
17. Nf3 {[%clk 0:45:36]} a6 {[%clk 0:53:23]} 18. Bd3 {[%clk 0:40:35]} c4
{[%clk 0:48:10]} 19. Bc2 {[%clk 0:40:57]} Bc5+ {[%clk 0:48:27]} 20. Be3
{[%clk 0:40:13]} Bxe3+ {[%clk 0:48:46]} 21. Rxe3 {[%clk 0:40:40]} Rfd8
{[%clk 0:44:15]} 22. Ree1 {[%clk 0:37:44]} Kf7 {[%clk 0:42:30]} 23. Nd4
{[%clk 0:34:30]} g6 {[%clk 0:38:07]} 24. Red1 {[%clk 0:27:27]} Ke7
{[%clk 0:36:20]} 25. Kf2 {[%clk 0:27:01]} h6 {[%clk 0:33:10]} 26. Ke3
{[%clk 0:25:29]} e5 {[%clk 0:29:21]} 27. fxe5 {[%clk 0:25:26]} fxe5
{[%clk 0:29:50]} 28. Nf3 {[%clk 0:25:40]} Rxd1 {[%clk 0:22:09]} 29. Rxd1
{[%clk 0:25:39]} Ke6 {[%clk 0:22:32]} 30. Nh4 {[%clk 0:25:33]} Rg8
{[%clk 0:22:46]} 31. b3 {[%clk 0:22:47]} Bc6 {[%clk 0:17:10]} 32. bxc4
{[%clk 0:19:52]} bxc4 {[%clk 0:17:26]} 33. Nf3 {[%clk 0:18:59]} Ne8
{[%clk 0:12:49]} 34. Rb1 {[%clk 0:18:55]} Nd6 {[%clk 0:12:03]} 35. Rb6
{[%clk 0:18:58]} Bb7 {[%clk 0:11:25]} 36. Nd2 {[%clk 0:18:10]} Kd7
{[%clk 0:10:12]} 37. Bd1 {[%clk 0:16:44]} Kc7 {[%clk 0:07:17]} 38. a5
{[%clk 0:16:41]} Nb5 {[%clk 0:05:01]} 39. Be2 {[%clk 0:16:08]} Nxc3
{[%clk 0:04:25]} 40. Bxc4 {[%clk 0:46:30]} Rd8 {[%clk 0:31:48]} 41. Rxg6
{[%clk 0:43:38]} Nd1+ {[%clk 0:28:41]} 42. Ke2 {[%clk 0:44:03]} Nc3+
{[%clk 0:29:07]} 43. Ke1 {[%clk 0:44:21]} Rd6 {[%clk 0:25:31]} 44. Rg7+
{[%clk 0:44:30]} Kb8 {[%clk 0:23:30]} 45. Re7 {[%clk 0:39:16]} Bxe4
{[%clk 0:18:59]} 46. Nxe4 {[%clk 0:37:44]} Rd1+ {[%clk 0:17:11]} 47. Kf2
{[%clk 0:38:12]} Nxe4+ {[%clk 0:17:35]} 48. Kf3 {[%clk 0:37:25]} Ng5+
{[%clk 0:10:44]} 49. Ke2 {[%clk 0:37:16]} Rg1 {[%clk 0:09:02]} 50. Bd5
{[%clk 0:35:48]} e4 {[%clk 0:06:16]} 51. Kf2 {[%clk 0:36:06]} Rd1
{[%clk 0:06:13]} 52. Bc4 {[%clk 0:35:28]} Ra1 {[%clk 0:02:59]} 53. h4
{[%clk 0:35:27]} Nh3+ {[%clk 0:02:44]} 54. gxh3 {[%clk 0:35:07]} Rxa5
{[%clk 0:03:12]} 55. Rxe4 {[%clk 0:34:50]} Kc7 {[%clk 0:02:55]} 56. Re6
{[%clk 0:32:45]} Rc5 {[%clk 0:02:41]} 57. Bxa6 {[%clk 0:32:16]} Rc6
{[%clk 0:03:05]} 58. Re7+ {[%clk 0:32:24]} Kd6 {[%clk 0:03:10]} 59. Rh7
{[%clk 0:32:25]} Ke5 {[%clk 0:03:27]} 60. Bd3 {[%clk 0:32:35]} Kd4
{[%clk 0:02:55]} 61. Rd7+ {[%clk 0:32:46]} Ke5 {[%clk 0:03:08]} 62. Ke3
{[%clk 0:32:25]} Rb6 {[%clk 0:02:47]} 63. Re7+ {[%clk 0:32:03]} Kf6
{[%clk 0:03:10]} 64. Rh7 {[%clk 0:32:25]} Ke5 {[%clk 0:03:33]} 65. h5
{[%clk 0:31:20]} Rc6 {[%clk 0:02:56]} 66. Rg7 {[%clk 0:31:41]} Rc1
{[%clk 0:02:23]} 67. Rg6 {[%clk 0:31:15]} Rh1 {[%clk 0:02:46]} 68. Be2
{[%clk 0:31:25]} Rxh3+ {[%clk 0:03:02]} 69. Bf3 {[%clk 0:31:53]} Kf5
{[%clk 0:02:55]} 70. Rxh6 {[%clk 0:32:10]} Kg5 {[%clk 0:02:55]} 71. Rg6+
{[%clk 0:32:30]} Kf5 {[%clk 0:03:20]} 72. Kf2 {[%clk 0:32:24]} Rh4
{[%clk 0:03:09]} 73. Kg3 {[%clk 0:32:43]} Rb4 {[%clk 0:03:32]} 74. Bg4+
{[%clk 0:33:04]} Ke5 {[%clk 0:03:59]} 75. Kh4 {[%clk 0:33:16]} Rb8
{[%clk 0:03:43]} 76. Kg5 {[%clk 0:33:34]} Rh8 {[%clk 0:03:58]} 77. h6
{[%clk 0:33:57]} 1-0

[Event "Moscow Open 2016 B"]
[Site "?"]
[Date "2016.02.05"]
[Round "7.24"]
[White "Schepetkova, Margarita"]
[Black "Vasilevich, Tatjana"]
[Result "1/2-1/2"]
[BlackElo "2380"]
[WhiteElo "2283"]
[LiveChessVersion "1.4.7"]

1. d4 {[%clk 1:30:57]} Nf6 {[%clk 1:30:56]} 2. c4 {[%clk 1:31:14]} c5
{[%clk 1:31:19]} 3. d5 {[%clk 1:31:29]} b5 {[%clk 1:31:44]} 4. cxb5
{[%clk 1:31:50]} a6 {[%clk 1:32:12]} 5. bxa6 {[%clk 1:32:01]} Bxa6
{[%clk 1:32:29]} 6. Nc3 {[%clk 1:32:05]} g6 {[%clk 1:32:35]} 7. Nf3
{[%clk 1:32:22]} d6 {[%clk 1:32:53]} 8. e4 {[%clk 1:32:12]} Bxf1 {[%clk 1:33:16]}
9. Kxf1 {[%clk 1:32:39]} Bg7 {[%clk 1:33:12]} 10. g3 {[%clk 1:32:58]} O-O
{[%clk 1:33:35]} 11. Kg2 {[%clk 1:33:20]} Nbd7 {[%clk 1:33:58]} 12. a4 Ne8 13.
Bd2 {[%clk 1:27:57]} Nc7 {[%clk 1:24:51]} 14. b3 {[%clk 1:27:31]} Ra6
{[%clk 1:22:15]} 15. Qc2 {[%clk 1:25:09]} Qa8 16. Rad1 {[%clk 1:14:50]} f5
{[%clk 1:08:29]} 17. Rhe1 {[%clk 1:09:21]} fxe4 {[%clk 0:56:48]} 18. Qxe4
{[%clk 1:05:24]} Nf6 {[%clk 0:52:01]} 19. Qxe7 Rf7 {[%clk 0:28:41]} 20. Qe2
{[%clk 0:57:33]} Qb7 21. Nb5 {[%clk 0:50:32]} Nfxd5 {[%clk 0:23:51]} 22. Nxc7
{[%clk 0:50:28]} Nxc7 {[%clk 0:23:29]} 23. Bf4 {[%clk 0:48:27]} Ra8 24. Qd3
{[%clk 0:26:01]} Raf8 {[%clk 0:17:54]} 25. Kg1 {[%clk 0:25:48]} h6
{[%clk 0:11:59]} 26. Nd2 {[%clk 0:25:44]} g5 {[%clk 0:03:42]} 27. Bxd6
{[%clk 0:24:31]} Rd8 28. Qe4 {[%clk 0:17:32]} Nd5 {[%clk 0:03:05]} 29. Nc4
{[%clk 0:16:08]} Nc3 {[%clk 0:03:27]} 30. Qxb7 {[%clk 0:15:18]} Rxb7
{[%clk 0:03:56]} 31. Rd2 {[%clk 0:11:28]} Rxb3 {[%clk 0:04:24]} 32. a5
{[%clk 0:07:00]} Nb5 {[%clk 0:01:52]} 33. Be5 {[%clk 0:04:40]} Nd4
{[%clk 0:01:30]} 34. Bxd4 {[%clk 0:04:51]} cxd4 {[%clk 0:01:02]} 35. Re6
{[%clk 0:04:53]} Rc3 {[%clk 0:00:53]} 36. Nd6 {[%clk 0:04:57]} d3
{[%clk 0:00:49]} 37. a6 {[%clk 0:04:40]} Ra3 {[%clk 0:00:50]} 38. Nb5
{[%clk 0:03:16]} Ra5 {[%clk 0:00:52]} 39. Rd6 {[%clk 0:01:53]} Rxd6
{[%clk 0:00:40]} 40. Nxd6 {[%clk 0:32:17]} Rxa6 {[%clk 0:30:46]} 41. Rxd3
{[%clk 0:32:41]} Be5 {[%clk 0:26:30]} 42. Nf5 {[%clk 0:32:22]} Kf7
{[%clk 0:26:31]} 43. g4 {[%clk 0:32:31]} Kg6 {[%clk 0:26:31]} 44. Rd5
{[%clk 0:30:54]} Re6 {[%clk 0:24:52]} 45. Rd7 {[%clk 0:29:45]} Bf6
{[%clk 0:23:21]} 46. Rd6 {[%clk 0:29:45]} Rxd6 {[%clk 0:19:49]} 47. Nxd6
{[%clk 0:30:11]} h5 {[%clk 0:20:11]} 48. h3 {[%clk 0:30:37]} hxg4
{[%clk 0:20:01]} 49. hxg4 {[%clk 0:31:06]} Be5 {[%clk 0:20:11]} 50. Ne4
{[%clk 0:31:00]} Bf4 {[%clk 0:20:29]} 51. Kg2 {[%clk 0:31:24]} Kf7
{[%clk 0:20:50]} 52. Kf3 {[%clk 0:31:38]} Ke6 {[%clk 0:21:11]} 53. Ng3
{[%clk 0:28:27]} Kd5 {[%clk 0:20:35]} 54. Nf5 {[%clk 0:28:44]} Ke5
{[%clk 0:20:06]} 55. Ne3 {[%clk 0:28:49]} Kd4 {[%clk 0:20:10]} 56. Ke2
{[%clk 0:28:06]} Ke4 {[%clk 0:19:55]} 57. Ng2 {[%clk 0:27:01]} Bb8
{[%clk 0:17:41]} 58. Ne1 {[%clk 0:25:41]} Bf4 {[%clk 0:13:30]} 59. Nc2
{[%clk 0:26:05]} Bb8 {[%clk 0:12:37]} 60. f3+ {[%clk 0:26:27]} Ke5
{[%clk 0:12:40]} 61. Ne3 {[%clk 0:24:00]} Ba7 {[%clk 0:12:24]} 62. Nf5
{[%clk 0:24:19]} Bb6 {[%clk 0:08:48]} 63. Ne7 {[%clk 0:21:58]} Bc5
{[%clk 0:08:59]} 64. Nc6+ {[%clk 0:21:40]} Kd5 {[%clk 0:09:01]} 65. Na5
{[%clk 0:21:55]} Bb6 {[%clk 0:08:53]} 66. Nb3 {[%clk 0:22:22]} Ke5
{[%clk 0:09:01]} 67. Nd2 {[%clk 0:22:19]} Kf4 {[%clk 0:08:35]} 68. Ne4
{[%clk 0:22:40]} Ba7 {[%clk 0:08:37]} 69. Nd6 {[%clk 0:22:38]} Bc5
{[%clk 0:08:04]} 70. Nf7 {[%clk 0:22:00]} Bb6 {[%clk 0:06:13]} 71. Nd6
{[%clk 0:21:23]} Bc5 {[%clk 0:06:15]} 72. Ne8 {[%clk 0:21:46]} Ke5
{[%clk 0:06:19]} 73. Ng7 {[%clk 0:22:08]} Ba7 {[%clk 0:06:32]} 74. Nf5
{[%clk 0:22:02]} 1/2-1/2

[Event "Moscow Open 2016 B"]
[Site "?"]
[Date "2016.02.05"]
[Round "7.25"]
[White "Mirzoeva, Elmira"]
[Black "Zhou, Guijue"]
[Result "1/2-1/2"]
[BlackElo "2237"]
[WhiteElo "2361"]
[LiveChessVersion "1.4.7"]

1. d4 {[%clk 1:30:57]} Nf6 {[%clk 1:30:56]} 2. c4 {[%clk 1:31:16]} e6
{[%clk 1:31:22]} 3. Nf3 {[%clk 1:31:35]} d5 {[%clk 1:31:49]} 4. Nc3
{[%clk 1:31:41]} Nbd7 {[%clk 1:32:14]} 5. cxd5 {[%clk 1:30:40]} exd5
{[%clk 1:32:32]} 6. Bg5 {[%clk 1:31:00]} h6 {[%clk 1:32:51]} 7. Bf4
{[%clk 1:29:43]} c6 {[%clk 1:32:36]} 8. e3 {[%clk 1:28:55]} Be7 {[%clk 1:29:10]}
9. h3 {[%clk 1:28:28]} O-O {[%clk 1:27:34]} 10. Bd3 {[%clk 1:28:27]} Re8
{[%clk 1:27:55]} 11. O-O {[%clk 1:28:21]} Bf8 {[%clk 1:25:13]} 12. Qc2
{[%clk 1:26:05]} Qe7 {[%clk 1:21:26]} 13. Rab1 {[%clk 1:14:55]} g6
{[%clk 1:14:56]} 14. b4 {[%clk 1:12:08]} Bg7 {[%clk 1:15:00]} 15. Na4
{[%clk 1:09:25]} a6 {[%clk 1:10:42]} 16. Nc5 {[%clk 1:02:52]} Ne4
{[%clk 1:09:43]} 17. Bxe4 {[%clk 0:56:25]} dxe4 {[%clk 1:10:07]} 18. Nd2
{[%clk 0:56:45]} Nf6 {[%clk 1:05:49]} 19. Nc4 {[%clk 0:41:29]} Nd5
{[%clk 0:59:51]} 20. Bg3 {[%clk 0:36:34]} f5 {[%clk 0:58:13]} 21. Ne5
{[%clk 0:33:25]} Bxe5 {[%clk 0:57:14]} 22. Bxe5 {[%clk 0:31:17]} Kh7
{[%clk 0:57:11]} 23. Qd2 {[%clk 0:30:34]} b6 {[%clk 0:56:50]} 24. Na4
{[%clk 0:30:41]} Bd7 {[%clk 0:57:15]} 25. Nc3 {[%clk 0:26:14]} Nxc3
{[%clk 0:54:47]} 26. Qxc3 {[%clk 0:26:40]} Rec8 {[%clk 0:54:55]} 27. a4
{[%clk 0:24:25]} Be6 {[%clk 0:54:04]} 28. Rfc1 {[%clk 0:22:30]} b5
{[%clk 0:47:36]} 29. Ra1 {[%clk 0:21:40]} Bc4 {[%clk 0:45:37]} 30. axb5
{[%clk 0:19:38]} cxb5 {[%clk 0:44:36]} 31. Qb2 {[%clk 0:17:08]} Qe6
{[%clk 0:44:05]} 32. Ra5 {[%clk 0:16:01]} Qd5 {[%clk 0:44:26]} 33. Rca1
{[%clk 0:16:06]} Rc6 {[%clk 0:44:51]} 34. R5a3 {[%clk 0:14:53]} Re6
{[%clk 0:44:06]} 35. Qc1 {[%clk 0:13:53]} Rc6 {[%clk 0:44:24]} 36. Qd1
{[%clk 0:12:11]} Qe6 {[%clk 0:44:13]} 37. Qd2 {[%clk 0:11:50]} Bd5
{[%clk 0:44:11]} 38. Rc1 {[%clk 0:07:25]} Rxc1+ {[%clk 0:44:25]} 39. Qxc1
{[%clk 0:07:54]} Rc8 {[%clk 0:44:45]} 40. Rc3 {[%clk 0:36:48]} Rxc3
{[%clk 1:15:10]} 41. Qxc3 {[%clk 0:37:17]} Qc6 {[%clk 1:10:31]} 42. Qa1
{[%clk 0:34:29]} Qb6 {[%clk 1:10:45]} 43. Kh2 {[%clk 0:27:23]} Kg8
{[%clk 1:07:13]} 44. Qe1 {[%clk 0:24:22]} Qc6 {[%clk 1:06:34]} 45. Qa1
{[%clk 0:22:05]} Qb6 {[%clk 1:06:59]} 46. Qg1 {[%clk 0:21:48]} Qc6
{[%clk 1:04:20]} 47. g4 {[%clk 0:20:35]} Be6 {[%clk 1:02:30]} 48. g5
{[%clk 0:13:26]} h5 {[%clk 0:57:42]} 49. Qg3 {[%clk 0:13:42]} Qc2
{[%clk 0:56:44]} 50. Bf6 {[%clk 0:13:38]} Bd7 {[%clk 0:54:41]} 51. Kg2
{[%clk 0:12:21]} Qc6 {[%clk 0:47:56]} 52. Qb8+ {[%clk 0:10:40]} Bc8
{[%clk 0:48:10]} 53. d5 {[%clk 0:10:04]} Qd7 {[%clk 0:48:28]} 54. Qe5
{[%clk 0:06:49]} Bb7 {[%clk 0:42:42]} 55. d6 {[%clk 0:05:59]} Bc8
{[%clk 0:42:50]} 56. Kg3 {[%clk 0:05:05]} f4+ {[%clk 0:36:53]} 57. Kxf4
{[%clk 0:05:28]} Qf5+ {[%clk 0:37:19]} 58. Qxf5 {[%clk 0:05:53]} Bxf5
{[%clk 0:37:46]} 59. h4 {[%clk 0:06:06]} Kf7 {[%clk 0:38:13]} 60. d7
{[%clk 0:03:11]} Bxd7 {[%clk 0:38:39]} 61. Kxe4 {[%clk 0:03:39]} Ke6
{[%clk 0:38:38]} 62. f3 {[%clk 0:04:00]} Bc6+ {[%clk 0:38:25]} 63. Kf4
{[%clk 0:04:28]} Bd5 {[%clk 0:38:09]} 64. e4 {[%clk 0:04:49]} Bc4
{[%clk 0:38:27]} 65. Ke3 {[%clk 0:05:15]} Bb3 {[%clk 0:38:29]} 66. Kd4
{[%clk 0:05:25]} Bd1 {[%clk 0:38:39]} 67. f4 {[%clk 0:05:46]} Bf3
{[%clk 0:38:52]} 68. Be5 {[%clk 0:05:22]} Bd1 {[%clk 0:38:16]} 69. Ke3
{[%clk 0:02:55]} Bc2 {[%clk 0:38:37]} 70. Bc3 {[%clk 0:03:14]} Bb1
{[%clk 0:38:54]} 71. f5+ {[%clk 0:02:37]} gxf5 {[%clk 0:39:14]} 72. e5
{[%clk 0:03:03]} Kf7 {[%clk 0:36:46]} 73. Kf4 {[%clk 0:03:13]} Ba2
{[%clk 0:19:38]} 74. Kxf5 {[%clk 0:03:13]} Bb1+ {[%clk 0:20:04]} 75. Kf4
{[%clk 0:03:41]} Ke6 {[%clk 0:20:30]} 76. Ke3 {[%clk 0:02:07]} Kd5
{[%clk 0:20:55]} 77. Kf4 {[%clk 0:01:59]} Bg6 {[%clk 0:21:13]} 78. Bd2
{[%clk 0:01:43]} Ke6 {[%clk 0:21:36]} 79. Be3 {[%clk 0:01:43]} Kd5
{[%clk 0:22:01]} 80. Bb6 {[%clk 0:01:45]} Ke6 {[%clk 0:22:24]} 81. Bc7
{[%clk 0:02:08]} Kd5 {[%clk 0:22:47]} 82. Ke3 {[%clk 0:02:04]} Bf5
{[%clk 0:23:14]} 83. Bb8 {[%clk 0:01:06]} Bg6 {[%clk 0:23:39]} 84. e6
{[%clk 0:00:58]} Kxe6 {[%clk 0:24:03]} 85. Kd4 {[%clk 0:01:25]} Kf7
{[%clk 0:24:14]} 86. Kc5 {[%clk 0:01:23]} Bd3 {[%clk 0:24:37]} 87. Kb6
{[%clk 0:01:44]} Kg6 {[%clk 0:25:02]} 88. Kxa6 {[%clk 0:02:03]} Bc4
{[%clk 0:25:21]} 89. Kb6 {[%clk 0:02:24]} Bd3 {[%clk 0:25:46]} 1/2-1/2

[Event "Moscow Open 2016 B"]
[Site "?"]
[Date "2016.02.06"]
[Round "8.19"]
[White "Bodnaruk, Anastasia"]
[Black "Schneider, Veronika"]
[Result "1/2-1/2"]
[BlackElo "2259"]
[WhiteElo "2453"]
[LiveChessVersion "1.4.7"]

1. e4 {[%clk 1:30:58]} c5 {[%clk 1:30:46]} 2. Nf3 {[%clk 1:31:20]} e6
{[%clk 1:31:05]} 3. d4 {[%clk 1:31:31]} cxd4 {[%clk 1:31:21]} 4. Nxd4
{[%clk 1:31:57]} a6 {[%clk 1:31:36]} 5. Nc3 {[%clk 1:32:11]} b5 {[%clk 1:31:34]}
6. Bd3 {[%clk 1:31:36]} Bb7 {[%clk 1:31:02]} 7. O-O {[%clk 1:30:21]} Nc6
{[%clk 1:30:52]} 8. Nb3 {[%clk 1:18:57]} b4 {[%clk 1:26:08]} 9. Na4
{[%clk 1:16:03]} d6 {[%clk 1:24:05]} 10. Be3 {[%clk 1:12:12]} Nf6
{[%clk 1:20:24]} 11. Nb6 {[%clk 1:02:44]} Rb8 {[%clk 1:20:32]} 12. Qe2
{[%clk 1:02:54]} Be7 {[%clk 1:13:13]} 13. Bxa6 {[%clk 0:50:18]} O-O
{[%clk 1:05:47]} 14. f3 {[%clk 0:40:38]} Ne5 {[%clk 1:01:54]} 15. Bxb7
{[%clk 0:37:34]} Rxb7 {[%clk 1:00:54]} 16. Nc4 {[%clk 0:38:00]} Nxc4
{[%clk 0:51:39]} 17. Qxc4 {[%clk 0:38:28]} Qc8 {[%clk 0:51:41]} 18. Qe2
{[%clk 0:37:10]} d5 {[%clk 0:48:05]} 19. e5 {[%clk 0:26:29]} Nd7 {[%clk 0:48:21]}
20. f4 {[%clk 0:25:13]} Bc5 {[%clk 0:44:20]} 21. Rac1 {[%clk 0:16:27]} Bxe3+
{[%clk 0:37:30]} 22. Qxe3 {[%clk 0:16:56]} Qa8 {[%clk 0:37:18]} 23. f5
{[%clk 0:16:28]} Qa7 {[%clk 0:24:17]} 24. Nd4 {[%clk 0:16:15]} exf5
{[%clk 0:24:32]} 25. Rxf5 {[%clk 0:11:15]} Nc5 {[%clk 0:22:55]} 26. Re1
{[%clk 0:09:58]} Ne6 {[%clk 0:22:12]} 27. Nxe6 {[%clk 0:08:51]} fxe6
{[%clk 0:22:40]} 28. Rxf8+ {[%clk 0:09:02]} Kxf8 {[%clk 0:23:08]} 29. Rf1+
{[%clk 0:07:34]} Kg8 {[%clk 0:10:02]} 30. Qxa7 {[%clk 0:06:20]} Rxa7
{[%clk 0:10:31]} 31. Rf4 {[%clk 0:05:25]} Rxa2 {[%clk 0:08:31]} 32. Rxb4
{[%clk 0:05:54]} Kf7 {[%clk 0:08:45]} 33. Kf2 {[%clk 0:03:20]} Kg6
{[%clk 0:08:08]} 34. g4 {[%clk 0:03:18]} h5 {[%clk 0:08:12]} 35. gxh5+
{[%clk 0:02:23]} Kf5 {[%clk 0:06:45]} 36. Ke3 {[%clk 0:01:04]} Kxe5
{[%clk 0:07:04]} 37. Kd3 {[%clk 0:01:17]} Ra7 {[%clk 0:05:00]} 38. Rh4
{[%clk 0:00:52]} Kf5 {[%clk 0:02:52]} 39. h6 {[%clk 0:01:16]} gxh6
{[%clk 0:03:19]} 40. Rxh6 {[%clk 0:31:45]} e5 {[%clk 0:33:38]} 41. b4
{[%clk 0:19:52]} e4+ {[%clk 0:21:34]} 42. Kd4 {[%clk 0:08:15]} Rc7
{[%clk 0:17:19]} 43. c3 {[%clk 0:02:48]} Rc4+ {[%clk 0:06:28]} 44. Kxd5
{[%clk 0:03:13]} e3 {[%clk 0:06:44]} 45. Rh5+ {[%clk 0:02:19]} Kf6
{[%clk 0:07:05]} 46. Re5 {[%clk 0:01:13]} Rxc3 {[%clk 0:07:31]} 47. Re8
{[%clk 0:01:21]} Kf5 {[%clk 0:05:44]} 48. Kd4 {[%clk 0:00:52]} Rb3
{[%clk 0:06:11]} 49. Kc4 {[%clk 0:01:19]} Ra3 {[%clk 0:06:35]} 50. b5
{[%clk 0:00:58]} Ra4+ {[%clk 0:03:58]} 51. Kd5 {[%clk 0:00:47]} Rb4
{[%clk 0:03:33]} 52. Kc6 {[%clk 0:00:52]} Re4 {[%clk 0:03:36]} 53. Rf8+
{[%clk 0:00:38]} Kg4 {[%clk 0:03:29]} 54. Rf1 {[%clk 0:00:39]} e2
{[%clk 0:03:51]} 55. Re1 {[%clk 0:01:07]} Kf3 {[%clk 0:01:10]} 56. b6
{[%clk 0:01:36]} Kf2 {[%clk 0:01:22]} 57. b7 {[%clk 0:00:41]} Re8
{[%clk 0:01:30]} 58. Rb1 {[%clk 0:00:36]} e1=Q {[%clk 0:01:44]} 59. Rxe1
{[%clk 0:01:05]} Kxe1 {[%clk 0:02:08]} 60. h4 {[%clk 0:00:45]} Kf2
{[%clk 0:01:55]} 61. h5 {[%clk 0:00:54]} Kg3 {[%clk 0:02:11]} 62. h6
{[%clk 0:00:59]} Kg4 {[%clk 0:02:01]} 63. Kd7 {[%clk 0:01:22]} Rh8
{[%clk 0:02:12]} 64. Kc7 {[%clk 0:01:35]} Rh7+ {[%clk 0:02:05]} 1/2-1/2

[Event "Moscow Open 2016 B"]
[Site "?"]
[Date "2016.02.06"]
[Round "8.20"]
[White "Osmak, Iulija"]
[Black "Bulmaga, Irina"]
[Result "1-0"]
[BlackElo "2389"]
[WhiteElo "2343"]
[LiveChessVersion "1.4.7"]

1. e4 {[%clk 1:30:57]} c6 {[%clk 1:30:54]} 2. d4 {[%clk 1:31:23]} d5
{[%clk 1:31:17]} 3. e5 {[%clk 1:31:50]} c5 {[%clk 1:31:38]} 4. dxc5
{[%clk 1:31:53]} Nc6 {[%clk 1:31:50]} 5. Nf3 {[%clk 1:31:56]} e6 {[%clk 1:32:04]}
6. a3 {[%clk 1:31:51]} Nge7 {[%clk 1:27:49]} 7. b4 {[%clk 1:20:31]} Ng6
{[%clk 1:27:02]} 8. Bb2 {[%clk 1:20:38]} Qc7 {[%clk 1:22:54]} 9. Bb5
{[%clk 1:15:41]} Bd7 {[%clk 1:22:43]} 10. Bxc6 {[%clk 1:13:28]} Bxc6
{[%clk 1:22:38]} 11. O-O {[%clk 1:10:34]} b6 {[%clk 1:14:37]} 12. cxb6
{[%clk 1:09:33]} axb6 {[%clk 1:15:01]} 13. Qe2 {[%clk 1:01:03]} Be7
{[%clk 1:10:34]} 14. Nbd2 {[%clk 0:59:37]} O-O {[%clk 1:04:25]} 15. Rac1
{[%clk 0:57:16]} Rfc8 {[%clk 0:49:36]} 16. Rfe1 {[%clk 0:53:19]} h6
{[%clk 0:48:02]} 17. Nd4 {[%clk 0:49:14]} Bg5 {[%clk 0:45:16]} 18. Rcd1
{[%clk 0:34:53]} Bb7 {[%clk 0:43:40]} 19. g3 {[%clk 0:31:42]} Ba6
{[%clk 0:41:04]} 20. b5 {[%clk 0:31:46]} Bb7 {[%clk 0:41:24]} 21. f4
{[%clk 0:32:01]} Be7 {[%clk 0:41:47]} 22. Qd3 {[%clk 0:30:22]} Bc5
{[%clk 0:41:35]} 23. N2f3 {[%clk 0:30:36]} Ra4 {[%clk 0:40:20]} 24. Kg2
{[%clk 0:24:44]} Ne7 {[%clk 0:39:23]} 25. g4 {[%clk 0:22:22]} Ng6
{[%clk 0:38:49]} 26. Kg3 {[%clk 0:19:38]} Qe7 {[%clk 0:31:46]} 27. f5
{[%clk 0:17:48]} Bxa3 {[%clk 0:29:02]} 28. Ra1 {[%clk 0:16:15]} Bxb2
{[%clk 0:20:46]} 29. Rxa4 {[%clk 0:16:40]} Rc3 {[%clk 0:21:07]} 30. fxg6
{[%clk 0:16:38]} Rxd3 {[%clk 0:21:29]} 31. cxd3 {[%clk 0:14:58]} Qc7
{[%clk 0:14:45]} 32. gxf7+ {[%clk 0:14:12]} Kxf7 {[%clk 0:15:08]} 33. Ra7
{[%clk 0:13:37]} Kg8 {[%clk 0:13:10]} 34. Nc6 {[%clk 0:11:24]} Kh7
{[%clk 0:12:06]} 35. Rb1 {[%clk 0:08:59]} Bc3 {[%clk 0:12:34]} 36. d4
{[%clk 0:09:22]} Qc8 {[%clk 0:03:55]} 37. Rc1 {[%clk 0:09:12]} Ba5
{[%clk 0:03:54]} 38. h4 {[%clk 0:07:46]} Qc7 {[%clk 0:02:30]} 39. h5
{[%clk 0:07:05]} Qc8 {[%clk 0:02:43]} 40. Rc2 {[%clk 0:36:09]} Qc7
{[%clk 0:31:38]} 41. Kf2 {[%clk 0:26:53]} Qc8 {[%clk 0:30:01]} 42. Ke2
{[%clk 0:26:15]} Qc7 {[%clk 0:29:52]} 43. Kf2 {[%clk 0:19:15]} Qc8
{[%clk 0:30:05]} 44. Kg2 {[%clk 0:19:40]} Qc7 {[%clk 0:16:42]} 45. Nh4
{[%clk 0:19:28]} Be1 {[%clk 0:15:12]} 46. Ng6 {[%clk 0:19:32]} Qc8
{[%clk 0:14:17]} 47. Rca2 {[%clk 0:16:17]} Bc3 {[%clk 0:13:11]} 48. Rf2
{[%clk 0:16:14]} Bb4 {[%clk 0:11:53]} 49. Rf7 {[%clk 0:16:01]} 1-0